000 00263nam a22001217a 4500
008 171226b xxu||||| |||| 00| 0 eng d
041 _aeng
080 _a33
100 _a56
101 _aECO
245 _aHOME ECONOMIC EVALUTION
_cCROSS,A
942 _2udc
_cBK
999 _c39405
_d39405